000 01111nam a2200313 i 4500
001 57408
003 CO-BoRNBP
005 20250701160146.0
007 ta
008 160801s1998 ck a gs 000 0 spa d
020 _a9583005274
040 _aCO-BoRNBP
_bspa
_erda
_cCO-BoRNBP
041 0 _aspa
082 0 4 _a925.21
_bB68e
100 _aEspaña Arenas, Gonzalo
_d1945-
_eautor
245 1 0 _aPierre Bouguer
_bel maestro del sabio
_cGonzalo España ; ilustrado por Hernando Carrizosa
250 _aPrimera edición
264 1 _aBogotá
_bColciencias
_bPanamericana
_c1998
300 _a76 páginas
_bilustraciones a color
_b28 cm
336 _atexto
_btxt
_2rdacontent
337 _asin mediación
_bn
_2rdamedia
338 _avolumen
_bnc
_2rdacarrier
600 0 _aCaldas, Francisco Jóse de,
_d1768-1816
_vLiteratura juvenil
_960598
600 0 _aBouguer, Peirre
_d1698-1758
_vLiteratura juvenil
_960599
650 0 4 _aBotánicos colombianos
_vBiografías
_2LEMB
_960600
650 0 0 _aCientíficos colombianos
_vBiografías
_2LEMB
_960601
700 _aCarrizosa, Hernando,
_eilustrador
_91593
942 _2ddc
_cBKINF
999 _c57408
_d57408